| 000 | 00661nam a2200205Ia 4500 | ||
|---|---|---|---|
| 003 | GCL | ||
| 008 | 140319s9999 xx 000 0 ara d | ||
| 040 |
_aGCL / _cGCL |
||
| 082 | 0 | 4 |
_aد _b050 _bم ا |
| 245 | 1 | 0 | _aاحوال مصرية |
| 260 |
_aالقاهرة : _bمركز الدراسات السياسية والاستراتيجية - الأهرام ، _c2004 |
||
| 650 | 0 | 4 | _aالادب المسيحى |
| 650 | 0 | 4 | _aالمحاماة |
| 650 | 0 | 4 | _aالتمويل |
| 650 | 0 | 4 | _aالازياء - تاريخ |
| 650 | 0 | 4 | _aالتنمية الاقتصادية - تمويل |
| 650 | 0 | 4 | _aالتعليم - مصر |
| 650 | 0 | 4 | _aالعولمة |
| 942 |
_2ddc _cCR |
||
| 999 |
_c7537 _d7537 |
||